The noble scholar, jurist, historian


 His Excellency Dr. Abdul Wahhab bin Ibrahim Abu Sulaiman, may Allah have mercy on him.


 He was born in Umm Al-Qura in the year 1356 AH.

السببية وأثرها في أحكام الفقه / (Record no. 13526)

MARC details
000 -LEADER
fixed length control field 01378ctm a22003011i 4500
003 - CONTROL NUMBER IDENTIFIER
control field SA-RiAUC
005 - DATE AND TIME OF LATEST TRANSACTION
control field 20251214142523.0
007 - PHYSICAL DESCRIPTION FIXED FIELD--GENERAL INFORMATION
fixed length control field co ug ---uuauu         
008 - FIXED-LENGTH DATA ELEMENTS--GENERAL INFORMATION
fixed length control field 251206s1976 su fsbm 000 0 ara c
040 ## - CATALOGING SOURCE
Original cataloging agency SA-JeALM
Language of cataloging ara
Transcribing agency SA-RiAUC
Description conventions rda
082 04 - DEWEY DECIMAL CLASSIFICATION NUMBER
Classification number 251.224
Assigning agency SA-RiAUC
090 ## - LOCALLY ASSIGNED LC-TYPE CALL NUMBER (OCLC); LOCAL CALL NUMBER (RLIN)
Classification number (OCLC) (R) ; Classification number, CALL (RLIN) (NR) ر 251.224
Local cutter number (OCLC) ; Book number/undivided call number, CALL (RLIN) ف ع ر
100 1# - MAIN ENTRY--PERSONAL NAME
Personal name الفعر، حمزة بن حسين بن حمزة،
Dates associated with a name 1370 هجري-
Relator term مؤلف.
245 12 - TITLE STATEMENT
Title السببية وأثرها في أحكام الفقه /
Statement of responsibility, etc. حمزة حسين الفعر ؛ إشراف عبد الوهاب إبراهيم أبو سليمان.
264 #0 - PRODUCTION, PUBLICATION, DISTRIBUTION, MANUFACTURE, AND COPYRIGHT NOTICE
Place of production, publication, distribution, manufacture مكة المكرمة :
Name of producer, publisher, distributor, manufacturer جامعة الملك عبدالعزيز
Date of production, publication, distribution, manufacture, or copyright notice 1976
300 ## - PHYSICAL DESCRIPTION
Extent 189ورقة ؛
Dimensions 30سم
336 ## - CONTENT TYPE
Content type term نص
Content type code txt
Source rdacontent
Materials specified أطروحة
337 ## - MEDIA TYPE
Media type term كمبيوتر
Media type code c
Source rdamedia
338 ## - CARRIER TYPE
Carrier type term قرص كمبيوتر
Carrier type code cd
Source rdacarrier
347 ## - DIGITAL FILE CHARACTERISTICS
File type ملف نصي
Source rdaft
500 ## - GENERAL NOTE
General note رسالة مقدمة لنيل درجة الماجستير
502 ## - DISSERTATION NOTE
Degree type ماجستير
Name of granting institution جامعة أم القرى
Year degree granted 1396 هجري.
504 ## - BIBLIOGRAPHY, ETC. NOTE
Bibliography, etc. note يشتمل على إرجاعات ببليوجرافية.
650 #7 - SUBJECT ADDED ENTRY--TOPICAL TERM
Topical term or geographic name entry element السببية (فقه إسلامي)
Form subdivision أقراص مدمجة
Source of heading or term aucsh
700 ## - ADDED ENTRY--PERSONAL NAME
Personal name أبو سليمان, عبد الوهاب إبراهيم .
Relator term إشراف
942 ## - ADDED ENTRY ELEMENTS (KOHA)
Source of classification or shelving scheme Dewey Decimal Classification
Koha item type رسالة علمية
Suppress in OPAC No
949 ## - LOCAL PROCESSING INFORMATION (OCLC)
a SA-JeALM
d 251206
u mohamedma123
n 1
Holdings
Withdrawn status Lost status Source of classification or shelving scheme Damaged status Not for loan Home library Current library Date acquired Total checkouts Full call number Barcode Date last seen Price effective from Koha item type
    Dewey Decimal Classification     DR AbdElwahab Library DR AbdElwahab Library 12/14/2025   ر 251.224 ف ع ر 000021693 12/14/2025 12/14/2025 رسالة علمية